Электрическая прочность и химический состав ионных соединений; Тезисы второго совещания по проблемам химической связи в полупроводниках

ग्रंथसूची विवरण
Parent link:Тезисы второго совещания по проблемам химической связи в полупроводниках.— 1963.— С. 26
मुख्य लेखक: Воробьев А. А. Александр Акимович
अन्य लेखक: Воробьев Г. А. Григорий Абрамович
सारांश:В фонде НТБ ТПУ отсутствует
भाषा:रूसी
प्रकाशित: 1963
विषय:
स्वरूप: MixedMaterials पुस्तक अध्याय
KOHA link:https://koha.lib.tpu.ru/cgi-bin/koha/opac-detail.pl?biblionumber=591188

MARC

LEADER 00000naa0a2200000 4500
001 591188
005 20250127131825.0
035 |a (RuTPU)RU\TPU\tpu\1247 
035 |a TPU00001247 
090 |a 591188 
100 |a 20011210d1963 k y0rusy50 ca 
101 0 |a rus 
102 |a RU 
200 1 |a Электрическая прочность и химический состав ионных соединений  |f А. А. Воробьев, Г. А. Воробьев 
333 |a В фонде НТБ ТПУ отсутствует 
463 |t Тезисы второго совещания по проблемам химической связи в полупроводниках  |v С. 26  |d 1963 
610 1 |a химические науки 
610 1 |a труды учёных ТПУ 
700 1 |a Воробьев  |b А. А.  |c российский физик  |c ректор Томского политехнического института, профессор  |f 1909-1981  |g Александр Акимович  |3 (RuTPU)RU\TPU\pers\12805  |4 070 
701 1 |a Воробьев  |b Г. А.  |c российский ученый, электрофизик  |c профессор кафедры техники высоких напряжений Томского политехнического института  |c профессор Томского университета систем управления и радиоэлектроники  |f 1925-  |g Григорий Абрамович  |3 (RuTPU)RU\TPU\pers\19775  |4 070 
801 0 |a RU  |b 63413507  |c 20011210  |g PSBO 
801 2 |a RU  |b 63413507  |c 20091222  |g PSBO 
942 |c BK